Online
Catalog

Guarao a-ribu / (Record no. 1245)

MARC details
000 -CABECERA
campo de control de longitud fija 00724cam a2200205 a 4500
001 - NÚMERO DE CONTROL
campo de control 000001307
005 - FECHA Y HORA DE LA ÚLTIMA TRANSACCIÓN
campo de control 20200929145534.0
008 - DATOS DE LONGITUD FIJA--INFORMACIÓN GENERAL
campo de control de longitud fija 820913s1969 ve 001 0 spa
040 ## - FUENTE DE LA CATALOGACIÓN
Centro catalogador/agencia de origen DO-SdBNP
Centro/agencia transcriptor DLC
Centro/agencia modificador DLC
090 ## - LOCALMENTE ASIGNADO TIPO-LC NÚMERO DE CLASIFICACIÓN (OCLC); NÚMERO DE CLASIFICACIÓN LOCAL (RLIN)
Número de clasificación (OCLC) (R) ; Numero de clasificación, CALL (RLIN) (NR) 498
Número cutter local (OCLC) ; Número de libro/Signatura topográfica íntegra, CALL (RLIN) B268g
100 1# - ENTRADA PRINCIPAL--NOMBRE DE PERSONA
Nombre de persona Barral, Basilio de
9 (RLIN) 4422
245 10 - MENCIÓN DE TÍTULO
Título Guarao a-ribu /
Mención de responsabilidad, etc. Basilio de Barral.
246 14 - FORMA VARIANTE DE TÍTULO
Título propio/Titulo breve Guarao a-ribu :
Resto del título Literatura de los indios Guaraos
260 ## - PUBLICACIÓN, DISTRIBUCIÓN, ETC.
Lugar de publicación, distribución, etc. Caracas :
Nombre del editor, distribuidor, etc. Universidad Católica Andrés Bello. Facultad de Humanidades,
Fecha de publicación, distribución, etc. 1969.
300 ## - DESCRIPCIÓN FÍSICA
Extensión 304 p. ;
Dimensiones 23 cm.
490 1# - MENCIÓN DE SERIE
Mención de serie Lenguas indígenas de Venezuela ;
Designación de volumen o secuencia no. 1
650 #4 - PUNTO DE ACCESO ADICIONAL DE MATERIA--TÉRMINO DE MATERIA
Término de materia o nombre geográfico como elemento de entrada Lenguas indígenas
Subdivisión general Venezuela
9 (RLIN) 4423
830 #0 - PUNTO DE ACCESO ADICIONAL DE SERIE-TÍTULO UNIFORME
Título uniforme Lenguas indígenas de Venezuela ;
Designación de volumen o secuencia no. 1
9 (RLIN) 4424
910 ## - DATOS DE OPCIÓN DEL USUARIO (OCLC)
Datos de opción del usuario Catalogación por copia / LC
Holdings
Estado de retiro Estado de pérdida Restricciones de uso No para préstamo Código de colección Localización permanente Ubicación/localización actual Ubicación en estantería Fecha de adquisición Número de inventario Total de préstamos Signatura topográfica completa Código de barras Fecha visto por última vez Precio válido a partir de Tipo de ítem Koha
    Préstamo interno   Monografías: Libros y Folletos General General Depósito 21.07.2009 LF1   1307-10 25.06.2020 25.06.2020 Préstamo interno

Powered by Koha